Temas de Management

Detalles Bibliográficos
Formato: Desconocido
Lenguaje:español
Publicado: Argentina : Universidad del CEMA
Materias:
Acceso en línea:Acceso restringido

MARC

LEADER 00000ny a22000003n 4500
005 20110511145242.0
008 071017c20039999ag ur pss 0 a0spa d
022 |a 1668-5792 
035 |a 3091 
040 |a BUS  |d vLex 
090 |c 1709  |d 1709 
245 3 0 |a Temas de Management  |h [Recurso electrn̤ico] 
256 |a Servicio en ln̕ea 
260 |a Argentina :  |b Universidad del CEMA 
506 1 |a Contenido solo disponible en los productos indicados  |d vLex Global  |d vLex Global (Academic Edition, excluding Law Schools)  |d vLex Global (Academic Edition, Law Schools) 
650 0 4 |a Negocios  |x Publicaciones perid̤icas 
740 0 |a vLex Revista (Servicios en ln̕ea) 
843 |a Electrn̤ica. Cerrada 
853 |8 1  |i (year)  |j (month)  |k (day) 
856 4 0 |z Acceso restringido  |u http://vlex.com/account/login_ip?fuente_id=3091  
942 |c REV